TPG - arrêts de bus, ligne 1 à 20 - Statistiques

Statistiques générales
  • Ce quiz a été pris 19 fois
  • Le résultat moyen est 153 sur 386
Statistiques - réponses
Hint Réponse % Correct
b Genève plage
88%
a | b Bel air
75%
a | b Cirque
75%
a | b Coutance
75%
a | b Gare Cornavin
75%
a | b Rive
75%
a Amandolier
63%
b Bois des frères
63%
a | b Bout du monde
63%
b Champel gare/hôpital
63%
a | b Chantepoulet
63%
a | b Charmilles
63%
b Châtelaine
63%
a | b Délices
63%
a Eaux vives gare
63%
a Eaux vives gare/bloch
63%
a Eaux vives gare/vadier
63%
b Guye
63%
a | b Hôpital
63%
a Jardin Botanique
63%
a Jardin botanique
63%
a | b Jonction
63%
a | b Métropole
63%
a | b Mont blanc
63%
a Nations
63%
a | b Prairie
63%
a Stand
63%
a | b Athénée
50%
b Bains
50%
b Champel gare
50%
a | b Champel gare/peschier
50%
a | b Contrat social
50%
b Cressy
50%
b Dôle
50%
a | b Jean jacques
50%
b Les ouches
50%
b Les Ouches
50%
a | b Lignon tours
50%
b Lyon
50%
a | b Mercier
50%
a | b Miléant
50%
b Molard
50%
b Musée d'ethnographie
50%
a Navigation
50%
b Onex cité
50%
a Palexpo
50%
a | b Place de neuve
50%
a | b Place des eaux vives
50%
a Queue d'arve
50%
a Rieu
50%
a | b Servette
50%
a Seujet
50%
b Théâtre
50%
a Thônex Vallard
50%
a | b Val d'arve
50%
a Vernets
50%
b Vernier village
50%
b Vollandes
50%
a Wendt
50%
a 31 décembre
38%
a Alpes
38%
a Armes
38%
a Aubert
38%
b Balexert pailly
38%
a Barde
38%
b Bouchet
38%
a | b Camille martin
38%
a Carouge marché
38%
a Carouge tours
38%
b Chemin du bac
38%
a Collège Claparède
38%
a Contamines
38%
a | b Crêts de champel
38%
b De sauvage
38%
a École de médecine
38%
a Florissant
38%
a | b Fontenette
38%
b Franchises
38%
a Gautier
38%
a Gavard
38%
a Goulart
38%
a | b Grand pré
38%
a Krieg
38%
a Le pommier
38%
a | b Lignon cité
38%
b Merle d'aubigné
38%
a Monthoux
38%
a Motta
38%
b Musée d'art et d'histoire
38%
a Musée voltaire
38%
b Onex marché
38%
b Ormeaux
38%
a | b Palais eynard
38%
a | b Place claparède
38%
a Plainpalais
38%
a Pont d'arve
38%
a Poste
38%
b Poterie
38%
a Pré picot
38%
b Rue du lac
38%
b Sainte clotilde
38%
a Sécheron gare
38%
a SIG lignon
38%
a Sous moulin
38%
b Tour de contrôle
38%
a Tranchées
38%
a Usine à gaz
38%
a Vallon
38%
a Varembé
38%
a Velours
38%
b Vernier école
38%
b Vernier gare/croisette
38%
a Veyrier douane
38%
a Veyrier tournettes
38%
a Weber
38%
b WTC
38%
a Appia
25%
b Aubépine
25%
b Avanchets casaï
25%
a Belle idée centre
25%
a Belle idée réception
25%
a Belle terre école
25%
b Bochère
25%
b Bois carrien
25%
a | b Bovy lysberg
25%
a Canonnière
25%
a Caron
25%
a Chambésy fontaine
25%
a Chambésy place
25%
b Champ claude
25%
b Cimetière saint georges
25%
b Claire vue
25%
a Clinique générale
25%
a Conches place
25%
a | b Concorde
25%
b De joinville
25%
b De ternier
25%
b Duret
25%
a Épinettes
25%
a Florence
25%
b Galeries du loup
25%
b Gardiol
25%
a | b Genève aéroport terminal
25%
b Giacometti
25%
a Gradelle
25%
b Grand champ
25%
a Grand saconnex place
25%
b Gros chêne
25%
a Grottes
25%
a Hôpital Trois Chêne
25%
b La traille
25%
b Les marbriers
25%
a Les quibières
25%
a Lombard
25%
b Maison onésienne
25%
a Malagnou
25%
b Moillebeau
25%
a Montagne
25%
a Morillons
25%
a Mouettes
25%
a Muséum
25%
a OMS-BIT
25%
b Onex salle communale
25%
b Parc et plage des eaux vives
25%
b Pédiatrie
25%
a Perle du lac
25%
a Petit bel air
25%
b Petit saconnex
25%
a Philosophes
25%
b Pont butin
25%
a Pont de sierne
25%
a Rigaud
25%
a Seymaz
25%
a Sierne
25%
a Terrassière
25%
b Trembley
25%
a Valavran
25%
b Vernier marché
25%
b Vessy centre sportif
25%
b Vessy grands esserts
25%
a Veyrier village
25%
a Vidollet
25%
b Aïre
13%
a Baulacre
13%
b Berthet
13%
a Bois gourmand
13%
a Calandrini
13%
b Calas
13%
a Clos du Môlan
13%
a Clos du môlan
13%
b Colladon
13%
a Colovrex
13%
a Crêts de florissant
13%
a Crêts morillon
13%
a De chateaubriand
13%
a Ermitage
13%
a Foretaille
13%
a Fourches
13%
a Gare arena
13%
b Gos
13%
a Intercontinental
13%
a Jumelles
13%
a La fenêtre
13%
a La salésienne
13%
a Le nant
13%
a Le reposoir
13%
a L.Sismondi
13%
a Machéry
13%
b Maison des parlements
13%
b Miremont
13%
a Moraines
13%
a Penthes
13%
a Petit veyrier
13%
a Place de l'Araire
13%
a Place du Traité de Turin
13%
a Pont bochet
13%
a Pregny mairie
13%
a Pregny village
13%
a Rasses
13%
b Sonnex
13%
b Tourelle
13%
a Valais
13%
b Vallet
13%
a Vermont
13%
a Vessy stand de tir
13%
a Villette
13%
Aucun quiz correspondant
Distribution des résultats
% des personnes avec chaque résultat
Percentile par nombre de réponses
Votre historique - résultats
Vous n’avez pas pris ce quiz